Big Data-driven Smart Manufacturing Sustainable Production Processes, Real-time Sensor Networks, and Industrial Value Creation

Inteligentná výroba založená na analýze veľkých dát: udržateľný výrobný proces, siete senzorov pracujúcich v reálnom čase a vytváranie hodnoty v priemysle

Salvato in:
Dettagli Bibliografici
Autore principale: Kováčová, Mária
Altri autori: Michálková, Lucia, Segers, Chloe, Tumpach, Miloš, 1970-
Natura: Capitolo di libro
Lingua:inglese
Soggetti:
Tags: Aggiungi Tag
Nessun Tag, puoi essere il primo ad aggiungerne!!

MARC

LEADER 00000naa a2200000 4500
001 0271530
005 20240502083824.8
041 0 |a eng 
044 |a US 
245 1 0 |a Big Data-driven Smart Manufacturing  |b Sustainable Production Processes, Real-time Sensor Networks, and Industrial Value Creation  |c Mária Kováčová, Lucia Michálková, Chloe Segers, Miloš Tumpach 
520 |a Inteligentná výroba založená na analýze veľkých dát: udržateľný výrobný proces, siete senzorov pracujúcich v reálnom čase a vytváranie hodnoty v priemysle 
610 2 0 |a Big Data 
610 2 0 |a výroba 
610 2 0 |a technológie inteligentné 
610 2 0 |a produkcia 
100 1 |a Kováčová, Mária 
700 1 |a Michálková, Lucia 
700 1 |a Segers, Chloe 
700 1 |a Tumpach, Miloš, 1970-